000 00710cab a2200241 4500
001 WB2825-02
008 090401t1992 xxu||||| |||| 00| 0 eng d
035 _a(Sirsi) u43668
041 _aeng
245 _aBuilders try to avoid closure by cutting tender prices
260 _c1992
350 _a0
490 _aTimes
_v20 June 1992, 20(1)
520 _aLatest tender price index figures from EC Haris show that builders are trying to avoid bankruptcy by reducing tender prices to the minimum.
650 _aCONSTRUCTION INDUSTRY
650 _aEC HARIS
650 _aRECESSION
650 _aSLUMP
650 _aTENDER PRICES
690 _aBUILT ENVIRONMENT
942 _n0
948 _c04/03/1997
999 _c27824
_d27824